Statistics for World's Largest Cities in 2050

Click here to take the quiz!

General Stats

  • This quiz has been taken 448 times
  • The average score is 22 of 30

Answer Stats

PopulationCity% Correct
24.77 milNew York City
95%
32.62 milTokyo
95%
15.97 milBeijing
91%
42.40 milMumbai
91%
36.16 milDelhi
90%
21.32 milShanghai
90%
32.63 milLagos
88%
24.03 milCairo
86%
16.42 milLos Angeles
85%
24.33 milMexico City
84%
15.92 milJakarta
83%
22.82 milSão Paulo
83%
14.29 milRio de Janeiro
81%
14.18 milIstanbul
75%
35.00 milKinshasa
75%
33.04 milKolkata
75%
31.70 milKarachi
74%
35.19 milDhaka
73%
15.55 milBuenos Aires
72%
23.55 milManila
72%
16.28 milChennai
68%
17.45 milLahore
63%
15.62 milBangalore
62%
14.25 milNairobi
62%
15.97 milDar es Salaam
59%
14.61 milHyderabad
58%
14.30 milLuanda
50%
16.00 milKhartoum
44%
15.09 milBaghdad
42%
17.09 milKabul
37%

Score Distribution

Percentile by Number Answered

Percent of People with Each Score

Your Score History

You have not taken this quiz